书目信息 |
| 题名: |
亚洲
|
|
| 作者: | 周东耀 , 吴定保 主编 | |
| 分册: | ||
| 出版信息: | 北京 中国水利水电出版社 2008.12 |
|
| 页数: | 294页 | |
| 开本: | 26cm | |
| 丛书名: | 新华社记者看世界 | |
| 单 册: | ||
| 中图分类: | K930.9 , I253 | |
| 科图分类: | ||
| 主题词: | 游记--you ji--亚洲--现代 , 新闻报道--xin wen bao dao--中国--现代--选集 | |
| 电子资源: | ||
| ISBN: | 978-7-5084-6085-7 | |
| 000 | 01058nam 2200289 450 | |
| 001 | 012009944780 | |
| 005 | 20091128115720.92 | |
| 010 | @a978-7-5084-6085-7@dCNY32.00 | |
| 100 | @a20091128d2008 em y0chiy0120 ea | |
| 101 | 0 | @achi |
| 102 | @aCN@b110000 | |
| 105 | @ay z 000yy | |
| 106 | @ar | |
| 200 | 1 | @a亚洲@Aya zhou@f周东耀, 吴定保主编@Fzhou dong yao,wu ding bao zhu bian |
| 210 | @a北京@c中国水利水电出版社@d2008.12 | |
| 215 | @a294页@d26cm | |
| 225 | 2 | @a新华社记者看世界@Axin hua she ji zhe kan shi jie |
| 330 | @a本书收集了新华社百余名驻外记者在亚洲的亲身见闻和感受。全书共涵盖亚洲42个国家,内容不仅包括当地的历史文化、风景名胜、民俗特色,还包括一般旅行者感受不到的生活细节、政治背景、趣闻逸事等。 | |
| 410 | 0 | @12001 @a新华社记者看世界 |
| 606 | 0 | @a游记@Ayou ji@y亚洲@z现代 |
| 606 | 0 | @a新闻报道@Axin wen bao dao@y中国@z现代@j选集 |
| 690 | @aK930.9@v4 | |
| 690 | @aI253@v4 | |
| 701 | 0 | @a周东耀@Azhou dong yao@4主编 |
| 701 | 0 | @a吴定保@Awu ding bao@4主编 |
| 801 | 0 | @aCN@bQSSK@c20091128 |
| 905 | @b766563-65@dK930.9@eZ758@f3 | |
| 亚洲/周东耀, 吴定保主编.-北京:中国水利水电出版社,2008.12 |
| 294页;26cm.-(新华社记者看世界) |
| ISBN 978-7-5084-6085-7:CNY32.00 |
| 本书收集了新华社百余名驻外记者在亚洲的亲身见闻和感受。全书共涵盖亚洲42个国家,内容不仅包括当地的历史文化、风景名胜、民俗特色,还包括一般旅行者感受不到的生活细节、政治背景、趣闻逸事等。 |
| ● |
| 相关链接 |
|
|
|
正题名:亚洲
索取号:K930.9/Z758
 
预约/预借
| 序号 | 登录号 | 条形码 | 馆藏地/架位号 | 状态 | 备注 |
| 1 | 766563 | 207665631 | 社科库309/309社科库 25排2列1层/ [索取号:K930.9/Z758] | 在馆 | |
| 2 | 766564 | 207665640 | 社科库309/309社科库 25排2列1层/ [索取号:K930.9/Z758] | 在馆 | |
| 3 | 766565 | 207665659 | 社科库309/309社科库 25排2列1层/ [索取号:K930.9/Z758] | 在馆 |